Zum Entwicklungs- und Beschäftigungspotential des tertiären Sektors - eine differenzierende Analyse unter besonderer Berücksichtigung des Dienstleistungsbegriffs und der Drei-Sektoren-Hypothese Inaugural-Dissertation zur Erlangung des Doktorgrades des Fachbereichs Wirtschaftswissenschaften der Johann Wolfgang Goethe - Universität Frankfurt am Main

Guardado en:
Detalles Bibliográficos
Autor principal: Ogiermann, Ulrich
Formato: Libro
Lenguaje:alemán
Publicado: Frankfurt am Main Johann Wolfgang Goethe - Universität 1992
Edición:1. Aufl.
Materias:
Etiquetas: Agregar Etiqueta
Sin Etiquetas, Sea el primero en etiquetar este registro!

MARC

LEADER 00000nam a2200000 4500
001 c003060
005 20221206083725.7
041 0 |a ger 
044 |a DE 
245 1 0 |a Zum Entwicklungs- und Beschäftigungspotential des tertiären Sektors - eine differenzierende Analyse unter besonderer Berücksichtigung des Dienstleistungsbegriffs und der Drei-Sektoren-Hypothese  |b Inaugural-Dissertation zur Erlangung des Doktorgrades des Fachbereichs Wirtschaftswissenschaften der Johann Wolfgang Goethe - Universität Frankfurt am Main  |c Ulrich Ogiermann 
250 |a 1. Aufl. 
264 1 |a Frankfurt am Main  |b Johann Wolfgang Goethe - Universität  |c 1992 
300 |a 253 s. 
610 2 0 |a sektory hospodárske 
610 2 0 |a potenciál ekonomický 
610 2 0 |a rozvoj hospodársky 
610 2 0 |a zamestnanosť 
610 2 0 |a analýza ekonomická 
610 2 0 |a služby 
610 2 0 |a ponuka 
610 2 0 |a dopyt 
100 1 |a Ogiermann, Ulrich